| 000 | 00700nam a2200241Ia 4500 | ||
|---|---|---|---|
| 003 | OSt | ||
| 005 | 20220925200038.0 | ||
| 006 | a|||||r|||| 00| 0 | ||
| 007 | ta | ||
| 008 | 220923b |||||||| |||| 00| 0 eng d | ||
| 037 | _cGeneral Book | ||
| 040 |
_aRTL _cRTL _beng |
||
| 041 |
_2eng _aeng |
||
| 082 | _aY73(P6)-2.73.N7, L0 | ||
| 100 |
_aWillie Charles V Ed. _920553 |
||
| 245 | 0 | _aFamily life of black people | |
| 260 |
_aColumbus _bMerrill _c1970 |
||
| 300 |
_ax, 341p _ccm. |
||
| 490 | _aMerrill Sociology Series. Ed by Richard L Simpson | ||
| 650 | _aNegroes | ||
| 942 |
_hY73(P6)-2.73.N7, L0 _cGB _2CC |
||
| 999 |
_c535244 _d535244 |
||